Normal view
MARC view
- MILLER, J. R,MORRIS, R. L
Entry Personal Name
001 - CONTROL NUMBER
- control field: 77062
003 - CONTROL NUMBER IDENTIFIER
- control field: NUST
005 - DATE AND TIME OF LATEST TRANSACTION
- control field: 20210628205809.0
008 - FIXED-LENGTH DATA ELEMENTS
- fixed length control field: 210628|| aca||aabn | a|a d
040 ## - CATALOGING SOURCE
- Original cataloging agency: NUST
- Transcribing agency: NUST
100 ## - HEADING--PERSONAL NAME
- Personal name: MILLER, J. R,MORRIS, R. L
670 ## - SOURCE DATA FOUND
- Source citation: Work cat.: (NUST): MILLER, J. R,MORRIS, R. L, DESIGNING WITH TTL INTEGRATED CIRCUITS, 1971
